Quizzes
Events
Quiz Creation
Community
Videos
Private Events
Remove Ads
Sign In
Join for FREE
Feedback
Dark Mode
Quiz Categories
Sports
Geography
Music
Movies
Television
Just For Fun
Miscellaneous
History
Literature
Language
Science
Gaming
Entertainment
Religion
Holiday
For Kids
Quiz Lab
Recent
Popular Today
Quiz Kudos Today
Editor Picks
Curator Picks
Quizzes by...
Day
Popularity
Type
Ratings
Length
Year
Community
Subscriptions
Recent Discussions
Orange Saloon
Badges
Playlists
Quests
Create
Leaderboards
Showdown
Live 5
Trivia Bingo
Activity
Puzzle Library
Sporcle Events
Private Events
Virtual Trivia
Globe League
Become a Host
Pub Owners
SporcleCon
Opinionation
Our Games
Videos
Blog
Mobile Apps
Partnerships
Remove Ads and Go Orange
Feedback
Sports
Athletes
MLB
NBA
NHL
NFL
Soccer
Sports Teams
WWE
NCAA
Football
Premier League
Basketball
Baseball
Hockey
Golf
Tennis
Cricket
Rugby
Auto Racing
Olympics
World Cup
Sports
Athletes
MLB
NBA
NHL
NFL
Soccer
Sports Teams
WWE
NCAA
Football
Premier League
Basketball
Baseball
Hockey
Golf
Tennis
Cricket
Rugby
Auto Racing
Olympics
World Cup
Random Quiz
Search Sporcle
×
Quiz Lab
Quiz Lab
Sports
NHL
Type in answers that appear in a list
Type in answers that appear in a list
Classic
Best Score? Go Orange.
Buffalo Sabres 10+ Games Since 2013-14 Stats
Can you name the Buffalo Sabres to appear in 10+ Games Since 2013-14?
By
svencheddar
10m
76 Questions
123 Plays
123 Plays
123 Plays
Comments
Comments
Give Quiz Kudos
Give Quiz Kudos
-
- Ratings
hide this ad
Replay
Link that replays current quiz
Next Quiz
Link to next quiz in quiz playlist
You Got
0%
They Got
Avg Score
52%
Avg Friend Score
Upgrade to see
Score Distribution
Jump to the score distribution portion of the page
Score
0/76
Timer
10:00
0
Plays Today
Player
% Correct
Jack Eichel
96.7%
Cal O'Reilly
92.6%
Ryan O'Reilly
92.6%
Rasmus Ristolainen
89.3%
Thomas Vanek
88.5%
Matt Moulson
86.9%
Sam Reinhart
86.9%
Ryan Miller
86.4%
Zemgus Girgensons
86.1%
Robin Lehner
83.6%
Evander Kane
83.6%
Zach Bogosian
81.1%
Tyler Myers
81.1%
Chad Johnson
80.9%
Tyler Ennis
79.5%
Johan Larsson
77.9%
Jhonas Enroth
77.3%
Kyle Okposo
77%
Mikhail Grigorenko
76.2%
Brian Gionta
75.4%
Nikita Zadorov
73.8%
Marcus Foligno
73%
Josh Gorges
72.1%
Drew Stafford
71.3%
Michael Neuvirth
70.9%
Linus Ullmark
70.9%
Steve Ott
68%
Cody Hodgson
65.6%
Jake McCabe
64.8%
Ville Leino
62.3%
Dmitry Kulikov
61.5%
Luke Adam
59.8%
Chris Stewart
59.8%
Mark Pysyk
58.2%
Anders Nilsson
57.3%
Nicholas Deslauriers
55.7%
Christian Ehrhoff
55.7%
Matt Ellis
54.9%
Player
% Correct
Mike Weber
53.3%
Justin Bailey
53.2%
Cody McCormick
50.8%
Anders Lindback
50%
Justin Falk
49.2%
Casey Nelson
49.2%
Patrick Kaleta
47.5%
Henrik Tallinder
47.5%
Matt Hackett
47.3%
Jamie McGinn
46.7%
Nicholas Baptiste
45.9%
Brian Flynn
45.9%
Brayden McNabb
43.4%
Jamie McBain
41.8%
Tim Schaller
41.8%
John Scott
41.8%
David Legwand
40.2%
Torrey Mitchell
37.7%
William Carrier
36.1%
Evan Rodrigues
34.4%
Cody Franson
32.8%
Andrej Meszaros
32.8%
Linus Omark
32%
Taylor Fedun
27%
Tyson Strachan
27%
Cory Conacher
26.2%
Hudson Fasching
21.3%
Derek Grant
19.7%
Andre Benoit
18%
Carlo Colaiacovo
18%
Alexander Sulzer
16.4%
Matt D'Agostini
15.6%
Kevin Porter
14.8%
Zac Dalpe
13.9%
Phil Varone
13.9%
Chad Ruhwedel
13.1%
Zenon Konopka
11.5%
Dan Catenacci
9%
Quiz Playlist
Details
Report
Send in Message
Add To Playlist
Classic:
Type in answers that appear in a list
Quiz Source
Last Updated: Mar 21, 2017
Quiz Scoreboard
CHALLENGE
Sign Up to Join the Scoreboard
Show All
Scores
Hide
Comments
May contain spoilers
Recently Published
An Introduction to Baseball
by treessimontrees
Sports
5m
Movies - When Are They Set?
by FPL_Elf
Movies
5m
Popular People in 1961
by mucciniale
History
6m
More to Explore
Quiz From the Vault
Featured Blog Post
Where Did the Easter Bunny Come From?
hide this ad
You Might Also Like...
Tags
Hockey Quiz
NHL Quiz
2013-2014
Buffalo Sabres
Today's Top Quizzes in Sports
Browse Sports
hide this ad
Today's Top Quizzes in NHL
Browse NHL
Top Contributed Quizzes in Sports
1
Les meilleurs buteurs des matchs entre le PSG et l’OM
2
2022 World Cup Stars
3
FIFA Club World Cup Champions
4
Les entraîneurs de l'OM et du PSG au 21e siècle
5
Name the Premier League winners with different clubs
6
La finale Lions - Afrique du Sud 2021
7
Criteria MLB: Left Handed Sluggers
8
Les joueurs passés par le LOSC et le RC Lens
9
Players with Multiple 50 Home Run Seasons
10
MLB Players with Two .350 Batting Average Seasons
Explore More
Trending Topics
Crossword
Kpop
Disney
Anime
NBA
Harry Potter
Marvel
The Office
Country
Soccer
NFL
Pokémon
Song
WWE
Puzzle
hide this ad
More By:
svencheddar
Quiz
Plays
Rating
Category
Featured
Created
NHL 2018-19 Captains and Assistants
865
5.00
Sports
Dec 2, 2018
NHL Numbers 1-98 (2017-18)
319
2.00
Sports
Dec 5, 2018
2016-17 NHL Best 3 Players to Wear Each Number (1-98)
257
3.00
Sports
Jan 13, 2017
New York Rangers 10+ Games Since 2013-14
231
5.00
Sports
Mar 16, 2017
Stanley Cup Winning Rosters Since The Lockout
189
5.00
Sports
Jan 18, 2017
Go to Creator's Profile
Score Distribution
Quiz Creator Spotlight
svencheddar
Follow
Send a Message
Quizzes Created
-
Created Quiz Play Count
-
More By This Creator
Popular Quizzes Today
1
Find the Countries of Europe - No Outlines Minefield
2
Find the US States - No Outlines Minefield
3
The Countries of the World
4
Popular People in 1961
5
US States
6
1-10 Letter E Words III
7
Find the US States
8
One Thing in Common: World Cities II
More Sports Quizzes
.333 Batting Average, 33 Homers
Published
Trending Quizzes
Risky Map Clicking: Least Populous States A-Z
1-10 Letter F Words
1-10 Letter G Words
One Thing in Common: United Kingdom
Risky Map Clicking: Next State Alphabetically
Recently Updated
Leaping Animals
pecheneg
Reality TV Shows (A-Z)
bhenderson79
Rickey Henderson's Hall of Fame Teammates
pecheneg
Champions League XIs: Arsenal
pecheneg
Quick Pick: Celebrities in WWE's Hall of Fame
aduchscher
A-Z Keypad Blitz II
pecheneg
Multiple Oscar Actors
pecheneg
Mystery Phrase Blitz: Oscar 'Best Actors'
pecheneg
F. Scott Fitzgerald Novels
LTH
Pick 3 Villains
ddd62291
Trending Topics
Marvel
Harry Potter
Anime
Disney
Crossword
NBA
Kpop
Country
Puzzle
WWE
Song
Soccer
Pokémon
The Office
NFL
Your Account Isn't Verified!
In order to create a playlist on Sporcle, you need to verify the email address you used during registration. Go to your
Sporcle Settings
to finish the process.
Report this User
Report this user for behavior that violates our
Community Guidelines
.
Details:
Send Report
Go to the Sporcle.com Mobile Site →
Comments